Jane Campion Filmography - Statistics

General Stats
  • This quiz has been taken 9 times
  • The average score is 19 of 50
Answer Stats
Type Year Name % Correct
Film Director 1993 The Piano
89%
Film Screenplay 1993 The Piano
89%
Film Director 2021 The Power of the Dog
89%
Film Screenplay 2021 The Power of the Dog
89%
Film Production 2021 The Power of the Dog
89%
Film Director 2003 In the Cut
78%
Film Screenplay 2003 In the Cut
78%
Film Director 1989 Sweetie
78%
Film Screenplay 1989 Sweetie
78%
Film Director 1996 The Portrait of a Lady
78%
TV Show Director 2013-2017 Top of the Lake
78%
TV Show Creator 2013-2017 Top of the Lake
78%
TV Show Writer 2013-2017 Top of the Lake
78%
TV Show Production 2013-2017 Top of the Lake
78%
Film Director 1990 An Angel at My Table
67%
Film Director 2009 Bright Star
67%
Film Screenplay 2009 Bright Star
67%
TV Film Director 1986 2 Friends
56%
Film Director 1999 Holy Smoke
44%
Film Screenplay 1999 Holy Smoke
44%
Film Director 2008 8
22%
Film Screenplay 2008 8
22%
Short Film Director 1985 After Hours
22%
Short Film Screenplay 1985 After Hours
22%
Short Film Director 1984 A Girl's Own Story
22%
Short Film Screenplay 1984 A Girl's Own Story
22%
Short Film Director 1982 An Exercise in Discipline: Peel
22%
Short Film Story 1982 An Exercise in Discipline: Peel
22%
Short Film Screenplay 1982 An Exercise in Discipline: Peel
22%
Short Film Editor 1982 An Exercise in Discipline: Peel
22%
Film Cameo 2023 Bad Behaviour
22%
Documentary Production 2006 Abduction: The Megumi Yokota Story
11%
Short Film Production 2017 Family Happiness
11%
Short Film Production 2012 I'm the One
11%
Short Film Director 1984 Mishaps of Seduction and Conquest
11%
Short Film Director 1983 Passionless Moments
11%
Short Film Screenplay 1983 Passionless Moments
11%
Short Film Production 1983 Passionless Moments
11%
Film Production 1999 Soft Fruit
11%
Short Film Director 2007 The Lady Bug
11%
Short Film Director 2006 The Water Diary
11%
Short Film Screenplay 2006 The Water Diary
11%
TV Show Director 1986 Dancing Daze
0%
Documentary Series Production 2008 Independent Lens
0%
Documentary Appearance 2022 Jane Campion, la femme cinéma
0%
Documentary Appearance 1995 Jane Campion: Passion in Perspective
0%
TV Show Cameo 1995 Operavox
0%
Short Film Acting Role 1989 The Audition
0%
Film Production 2017 They
0%
Film Production 2022 Typist Artist Pirate King
0%
No matching quizzes found
Score Distribution
Percent of People with Each Score
Percentile by Number Answered
Your Score History
You have not taken this quiz